| 000 | 01085 a2200217 4500 | ||
|---|---|---|---|
| 003 | Nust | ||
| 005 | 20221115125644.0 | ||
| 010 | _a 74003264 | ||
| 020 | _a0070522057 | ||
| 040 | _cNust | ||
| 082 | 0 | 0 | _a512.15,RIC |
| 100 | 1 |
_aRice, Harold S. _9102641 |
|
| 245 | 1 | 0 |
_aTechnical mathematics with calculus / _cHarold S. Rice [and] Raymond M. Knight. |
| 250 | _a2nd ed. | ||
| 260 |
_aNew York, _bMcGraw-Hill _c[1974, c1975] |
||
| 300 |
_axviii, 954 p. _billus. _c24 cm. |
||
| 505 | _aSlide Rule and Review of Arithmetic and Geometry (Page-1), Basic Algebra and Analytic Geometry of the Straight Line (Page-49), More Advanced Algebra and Logarithms (Page-177), Curve Sketching Nonlinear Empirical Equations (Page-297), Numerical Trigonometry of the Right Triangle (Page-385), Introduction to Analytical Trigonometry (Page-431), Oblique Triangles and Applications of Numerical Trigonometry (Page-455), Analytical Trigonometry (Page-509), An Introduction to Calculus (Page-617). | ||
| 650 | 0 | _aMathematics. | |
| 700 | 1 |
_aKnight, Raymond M., _9102392 |
|
| 942 |
_2ddc _cBK _k512.15,RIC |
||
| 999 |
_c182105 _d182105 |
||